LEADER 01339nam a2200277 4500 001 000000333180 003 CaOOAMICUS 005 20190401085632.0 008 190401s1768 ne 000 u fre r 040 $aSeMil$bita 100 1 $aThomas, Antoine Léonard,$d<1732-1785>.$0(OLS)http://semarc/name/13736 245 00$aOeuvres diverses de Mr.. Thomas, de l'Academie Françoise. Tome premier [-second]. 250 $aNouvelle édition augmentée 264 1$aA Amsterdam :$bChez E. van Harrevelt,$c1768. 300 $a2 v. ;$c8° 500 $aFregi e testatine xilogr. 500 $aFront. stampati in rosso e nero 710 0 $aHarrevelt, Evert : van,$eeditore.$0(OLS)http://semarc/name/109133 752 $aNL$dAmsterdam 774 0 $tTome premier.$dA Amsterdam : Chez E. van Harrevelt, 1768.$bNouvelle édition augmentée$g1$w()333181 774 0 $tTome second.$dA Amsterdam : Chez E. van Harrevelt, 1768.$bNouvelle édition augmentée$g2$w()333182 850 $aSeMil 852 $aSeMil$W1$xVenegono$y1$qLegati insieme i 2 volumi$B225324$CSeMilBibl$Z2$F225324 $8I 996 $6245$aOeuvres diverses de Mr.. Thomas, de l'Academie Françoise. Tome premier [-second]$9(OLS)http://semarc/title/422434 996 $6264$aA Amsterdam :$bChez E. van Harrevelt$9(OLS)http://semarc/publisher/58132 LEADER 01131nam a2200253 i 4500 001 000000154920 003 CaOOAMICUS 005 20260130092809.0 008 061028s1984 it u000 u ita u 013 $a132269 040 $aSeMil$bita 100 1 $aGhiglione, Natale .$0(OLS)http://semarc/name/30085 245 12$aL'evangeliario purpureo di Sarezzano (sec. 5./6.) /$cNatale Ghiglione. 260 $aVicenza :$bNeri Pozza,$c1984. 300 $a370 p. :$bill., [10] p. di tav. ;$c33 cm. 500 $aIn mezzo al front : 24 tavole in bianco e nero, 10 tavole fuori testo a colori. - In occhietto : Dedica autografa dell'autore. - Fondo Card. Giovanni Colombo. 650 4$aEvangeliario di Sarezzano.$0(OLS)http://semarc/subject/59426 850 $aSeMil 852 $aSeMil$W1$xVenegono$y1$m5I X 29$j106771$B106771$CSeMilBibl$Z2$F116035 $81 941 1 $a3 961 $aLascito: Colombo Card. Giovanni 996 $6245$aL'evangeliario purpureo di Sarezzano (sec. 5./6.)$9(OLS)http://semarc/title/226815 996 $6260$aVicenza :$bNeri Pozza$9(OLS)http://semarc/publisher/32468